| 000 | 00728nam a2200229Ia 4500 | ||
|---|---|---|---|
| 008 | 191130s2000##################000#0#eng## | ||
| 020 | _a9780521417075 | ||
| 022 | _a99030032 | ||
| 040 |
_aACL _cACL |
||
| 082 | _a307.760941 DAU | ||
| 245 |
_aThe Cambridge urban history of Britain _c[general editor, Peter Clark] |
||
| 260 |
_aCambridge _bCambridge University Press _c2000 |
||
| 300 | _a3 v.xxvi, 944p, : ill., maps ; 24 cm | ||
| 500 | _aIncludes bibliographical references and indexes | ||
| 650 | _aCities and towns - Great Britain - History | ||
| 700 | _aClark, Peter | ||
| 700 | _aDaunton, M. J | ||
| 700 | _aPalliser, D. M | ||
| 990 | _a7b0fe0e6ac10000c54fd20795d13423d | ||
| 991 | _a190233 | ||
| 999 |
_c302302 _d302302 |
||